| 000 | 00691nam a2200193 a 4500 | ||
|---|---|---|---|
| 005 | 20140414132116.0 | ||
| 008 | 111011s19uu xx 00 eng d | ||
| 020 | _a9780750260909 | ||
| 050 |
_aREF 333.79 _bG41 2011 |
||
| 100 | _aGillett, Jack. | ||
| 245 |
_aEnergy resources / _cJack and Meg Gillett ; with contributions by Richard and Louise Spilsbury. |
||
| 260 |
_aLondon : _bWayland, _c2011. |
||
| 300 | _a32 p. : col. ill., col. maps ; | ||
| 440 | _aMaps of the environmental world | ||
| 500 | _aIncludes index. | ||
| 650 |
_aPower resources _xEnvironmental aspects _xJuvenile literature. |
||
| 650 |
_aPower resources _xEnvironmental aspects _xMaps for children. |
||
| 999 |
_c114904 _d114904 |
||